000 00392 a2200169 4500
001 14916
020 _a9788526015289
040 _cAnchieta - Aquarius
100 _aSAGE, Alison
240 1 0 _aA flauta, o menino e o gigante
_lpor
245 1 0 _aA flauta, o menino e o gigante
300 _a29
362 0 _a2010
440 1 _aGlobal
650 4 _aLiteratura infanto-juvenil
942 _cBK
999 _c14916
_d14916